[Vybrané kapitoly zo spotrebiteľského práva]

Recenzia na vysokoškolskú účebnicu, ktorá predstavuje prehľadný zdroj užitočných informácií o právach, možnostiach mimosúdnej a súdnej ochrany aj bežnému čitateľovi.

Guardado en:
Detalles Bibliográficos
Autor principal: Magurová, Hana, 1986-
Formato: Capítulo de libro
Lenguaje:eslovaco
Materias:
Etiquetas: Agregar Etiqueta
Sin Etiquetas, Sea el primero en etiquetar este registro!

MARC

LEADER 00000naa a2200000 4500
001 0221945
005 20240502073634.9
041 0 |a slo 
044 |a SK 
245 1 0 |a [Vybrané kapitoly zo spotrebiteľského práva]  |c Hana Magurová 
520 |a Recenzia na vysokoškolskú účebnicu, ktorá predstavuje prehľadný zdroj užitočných informácií o právach, možnostiach mimosúdnej a súdnej ochrany aj bežnému čitateľovi. 
610 2 0 |a recenzie 
610 2 0 |a právo spotrebiteľské 
610 2 0 |a právo obchodné 
100 1 |a Magurová, Hana, 1986-